| 000 | 00675cam a2200241 4500 | ||
|---|---|---|---|
| 008 | 000000n2000 000 0 eng u | ||
| 020 | _a033377776X | ||
| 035 | _a(Sirsi) u111585 | ||
| 050 | _a624.1513 | ||
| 100 | _aBarnes, Graham | ||
| 245 | _aSoil mechanics : principles and practice. | ||
| 250 | _a2nd ed. | ||
| 260 |
_aBasingstoke _bMacmillan _c2000 |
||
| 300 | _axviii,493p. : ill. ; 25cm. | ||
| 350 | _a24.99 | ||
| 650 | _aSOILS | ||
| 650 | _aSOIL MECHANICS | ||
| 650 | _aBUILT ENVIRONMENT-BUILDING ELEMENTS-COMPLETE BUILDING ELEMENTS-FOUNDATIONS | ||
| 650 | _aEARTHWORKS | ||
| 650 | _aSITE INVESTIGATION | ||
| 690 | _aBUILT ENVIRONMENT | ||
| 942 | _n0 | ||
| 999 |
_c101261 _d101261 |
||